[Event "VI Festival A"]
[Site "Savigliano ITA"]
[Date "2007.06.03"]
[Round "6"]
[White "Aghayev, Miragha"]
[Black "Malano, Francesco"]
[Result "1-0"]
[WhiteElo "1923"]
[BlackElo "1980"]
[PlyCount "93"]
[EventDate "2007.05.31"]

1. e4 c5 2. Nf3 e6 3. d4 cxd4 4. Nxd4 Nf6 5. f3 Nc6 6. c3 d5 7. exd5 Qxd5 8.
Bb5 Bd7 9. Bxc6 Bxc6 10. Nxc6 Qxd1+ 11. Kxd1 bxc6 12. c4 Be7 13. Kc2 O-O 14.
Be3 a5 15. Nc3 a4 16. Rad1 Rfd8 17. Rxd8+ Bxd8 18. Bg5 Kf8 19. Rd1 Ke7 20. Ne4
Bc7 21. h3 Be5 22. Nc3 h6 23. Bxf6+ Bxf6 24. Rd3 g6 25. Ne4 Be5 26. Ra3 Ra7 27.
Nc3 Ra5 28. g4 h5 29. Kd3 f5 30. b4 Ra8 31. gxh5 Bxc3 32. Kxc3 gxh5 33. c5 Rg8
34. Rxa4 Rg3 35. Ra7+ Kf6 36. Rc7 Rxf3+ 37. Kd2 Rxh3 38. Rxc6 Rh2+ 39. Kc3 Rxa2
40. b5 h4 41. b6 Ra8 42. Rc7 Kg6 43. b7 Rb8 44. c6 h3 45. Rd7 h2 46. Rd1 Rd8
47. Rh1 1-0

[Event "VI Festival A"]
[Site "Savigliano ITA"]
[Date "2007.06.03"]
[Round "6"]
[White "Aglietti, Graziano"]
[Black "Artero, Carlo"]
[Result "1-0"]
[WhiteElo "2054"]
[BlackElo "1548"]
[PlyCount "68"]
[EventDate "2007.05.31"]

1. d4 d5 2. Nf3 Nf6 3. Bg5 e6 4. e3 c5 5. c3 Nbd7 6. Bd3 Qc7 7. O-O Bd6 8. Nbd2
O-O 9. c4 Re8 10. Qb3 b6 11. Rac1 Bb7 12. Rfe1 Ne4 13. Nf1 Nxg5 14. Nxg5 h6 15.
Nf3 dxc4 16. Bxc4 Bxf3 17. gxf3 Re7 18. e4 Bf4 19. Rc2 e5 20. d5 Qd6 21. Ng3
Qg6 22. Kh1 Nf6 23. Rg1 Nh5 24. Nf5 Qf6 25. d6 Rd7 26. Qd3 Kh7 27. Qf1 g6 28.
Qh3 gxf5 29. Qxh5 fxe4 30. Bd5 Rg8 31. Bxe4+ Kh8 32. Rxg8+ Kxg8 33. Qg4+ Kf8
34. Qxd7 Qh4 1-0

[Event "VI Festival A"]
[Site "Savigliano ITA"]
[Date "2007.06.03"]
[Round "6"]
[White "Ariaudo, Claudio"]
[Black "Vinciguerra, Marco"]
[Result "1/2-1/2"]
[WhiteElo "2025"]
[BlackElo "2059"]
[PlyCount "56"]
[EventDate "2007.05.31"]

1. d4 Nf6 2. c4 e5 3. dxe5 Ne4 4. Nf3 Bb4+ 5. Nbd2 Nc6 6. a3 Bxd2+ 7. Bxd2 Qe7
8. Bf4 g5 9. Be3 g4 10. Nd4 Qxe5 11. Nxc6 dxc6 12. Qd4 Qxd4 13. Bxd4 Rg8 14. f3
Nd6 15. e4 Be6 16. Rc1 a6 17. c5 Nb5 18. Bxb5 axb5 19. Kf2 O-O-O 20. Rhd1 Rg6
21. f4 f5 22. exf5 Bxf5 23. Be5 Rd5 24. Rd4 Rxd4 25. Bxd4 Re6 26. Be5 b6 27.
cxb6 cxb6 28. b4 Kd7 1/2-1/2

[Event "VI Festival A"]
[Site "Savigliano ITA"]
[Date "2007.06.03"]
[Round "6"]
[White "Belezky, Alexander"]
[Black "Mrdja, Milan"]
[Result "1/2-1/2"]
[WhiteElo "2404"]
[BlackElo "2367"]
[PlyCount "55"]
[EventDate "2007.05.31"]

1. Nf3 Nf6 2. g3 g6 3. b3 Bg7 4. Bb2 O-O 5. Bg2 d6 6. d4 e5 7. dxe5 Ng4 8. Qc1
Nxe5 9. Nxe5 Bxe5 10. Bxe5 dxe5 11. h4 h5 12. Nc3 c6 13. O-O Qe7 14. Qh6 Re8
15. Ne4 Nd7 16. f4 Nf6 17. Ng5 Qf8 18. Qxf8+ Rxf8 19. fxe5 Ng4 20. Nf3 Re8 21.
Rfd1 Kf8 22. Bh3 Nxe5 23. Bxc8 Raxc8 24. Nxe5 Rxe5 25. Rd7 Re7 26. Rad1 Rce8
27. Rxe7 Rxe7 28. Kf2 1/2-1/2

[Event "VI Festival A"]
[Site "Savigliano ITA"]
[Date "2007.06.03"]
[Round "6"]
[White "Blundo, Michele"]
[Black "Scipioni, Gaetano"]
[Result "0-1"]
[WhiteElo "1742"]
[BlackElo "2096"]
[PlyCount "112"]
[EventDate "2007.05.31"]

1. d4 d5 2. Nf3 c6 3. e3 Bg4 4. Be2 Nf6 5. Nbd2 e6 6. O-O Nbd7 7. Re1 Bd6 8. c3
Ne4 9. Nxe4 dxe4 10. Nd2 Bf5 11. f4 h5 12. b3 g5 13. Nf1 gxf4 14. exf4 Qf6 15.
Be3 Qg6 16. Ng3 Nf6 17. Nxf5 exf5 18. h3 O-O-O 19. c4 Rdg8 20. Bf1 Qg3 21. Kh1
Ng4 22. Bg1 Bxf4 23. Re2 e3 24. Qc2 Nf2+ 25. Rxf2 exf2 26. Qxf2 Re8 27. d5 Qxf2
28. Bxf2 Be3 29. Kg1 h4 30. Be2 cxd5 31. cxd5 Re5 32. Bxe3 Rxe3 33. Kf2 Re5 34.
Bf3 Kd7 35. b4 Rc8 36. a4 Rc2+ 37. Kf1 Kd6 38. a5 Rb2 39. a6 Rxb4 40. axb7 Rxb7
41. Ra6+ Kd7 42. d6 Re4 43. Bxe4 fxe4 44. Kf2 f5 45. Ke3 Ke6 46. Kf4 Rd7 47. g4
hxg3 48. Kxg3 Rxd6 49. Rxa7 Ke5 50. h4 Rg6+ 51. Kf2 Kf4 52. Rh7 e3+ 53. Kf1 Kf3
54. Re7 Rh6 55. Re5 Kf4 56. Ra5 Rxh4 0-1

[Event "VI Festival A"]
[Site "Savigliano ITA"]
[Date "2007.06.03"]
[Round "6"]
[White "Davi, Alessandro"]
[Black "Vozza, Nicola"]
[Result "0-1"]
[WhiteElo "1731"]
[BlackElo "1995"]
[PlyCount "78"]
[EventDate "2007.05.31"]

1. d4 Nf6 2. c4 g6 3. Nc3 Bg7 4. e4 d6 5. Nf3 O-O 6. Be2 e5 7. O-O Nc6 8. d5
Ne7 9. Ne1 Nd7 10. Be3 f5 11. f3 f4 12. Bf2 Nf6 13. b4 g5 14. Nb5 Ng6 15. Nxa7
Rxa7 16. Bxa7 h5 17. Rc1 g4 18. c5 g3 19. cxd6 Ne8 20. Kh1 b6 21. Bxb6 cxb6 22.
Rxc8 Qxc8 23. h3 Nxd6 24. Qb3 Rf7 25. Nd3 Rc7 26. b5 Bf8 27. Nb4 Rc3 28. Qb1
Nc4 29. Nc6 Nd2 30. Qb2 Nxf1 31. Qxc3 Ne3 32. a4 Nxg2 33. Ne7+ Nxe7 34. Qxc8
Nxc8 35. Kxg2 Bb4 36. Bf1 h4 37. Kh1 Kf7 38. Kg2 Ke7 39. Bc4 Kd6 0-1

[Event "VI Festival A"]
[Site "Savigliano ITA"]
[Date "2007.06.03"]
[Round "6"]
[White "Giacomasso, Enrico"]
[Black "Petritaj, Ferdinando"]
[Result "1-0"]
[WhiteElo "1948"]
[BlackElo "2141"]
[PlyCount "102"]
[EventDate "2007.05.31"]

1. e4 c6 2. d4 d5 3. e5 Bf5 4. Nf3 e6 5. Bd3 Bxd3 6. Qxd3 Qb6 7. O-O Nd7 8. Nc3
c5 9. Be3 Rc8 10. Rfe1 a6 11. Rad1 c4 12. Qd2 Qxb2 13. Rb1 Qa3 14. Nxd5 exd5
15. e6 fxe6 16. Rxb7 Ngf6 17. Ng5 Rb8 18. Rxb8+ Nxb8 19. Bf4 Nc6 20. Rxe6+ Kd7
21. Qd1 Be7 22. Rxf6 Bxf6 23. Qg4+ Ke8 24. Qe6+ Qe7 25. Qxc6+ Qd7 26. Qa8+ Bd8
27. Nf3 Rf8 28. Bg5 h6 29. Ne5 Qd6 30. Bxd8 Qxd8 31. Qc6+ Ke7 32. Ng6+ Kf7 33.
Nxf8 Kxf8 34. Qxa6 Qg5 35. Qd6+ Kg8 36. Qe6+ Kh7 37. Qe1 Qf4 38. c3 Qf5 39. Qa1
h5 40. a4 h4 41. h3 g5 42. a5 g4 43. hxg4 Qxg4 44. a6 h3 45. Qf1 Qg6 46. a7 Qa6
47. Qb1+ Kg7 48. Qb8 h2+ 49. Kh1 Qh6 50. Qg3+ Kf7 51. a8=Q Qc1+ 1-0

[Event "VI Festival A"]
[Site "Savigliano ITA"]
[Date "2007.06.03"]
[Round "6"]
[White "Gioseffi, Massimiliano"]
[Black "Finocchiaro, Gianluca"]
[Result "1-0"]
[WhiteElo "1939"]
[BlackElo "1939"]
[PlyCount "102"]
[EventDate "2007.05.31"]

1. d4 Nf6 2. c4 c5 3. d5 b5 4. cxb5 a6 5. b6 d6 6. Nc3 Nbd7 7. e4 g6 8. Nf3 Bg7
9. Be2 O-O 10. O-O Qxb6 11. Nd2 Ne5 12. h3 Bd7 13. f4 c4+ 14. Kh2 Nd3 15. Nxc4
Nf2 16. Nxb6 Nxd1 17. Rxd1 Rab8 18. Nxd7 Nxd7 19. Bd3 Nc5 20. Bc2 Rb7 21. Na4
Nxa4 22. Bxa4 Rb4 23. Bc2 Rfb8 24. Rb1 Bxb2 25. Bxb2 Rxb2 26. Rxb2 Rxb2 27. Bb3
a5 28. Rd4 Re2 29. Ra4 h5 30. Kg3 h4+ 31. Kf3 Rd2 32. Rxa5 Rd3+ 33. Ke2 Rg3 34.
Kf2 Kg7 35. Ra7 Kf6 36. Rc7 Rd3 37. Rc2 g5 38. fxg5+ Kxg5 39. Rb2 Rc3 40. a4
Kf4 41. a5 Rc7 42. Bc2 Ra7 43. Ra2 e6 44. dxe6 fxe6 45. a6 d5 46. exd5 exd5 47.
Bd3 Ke5 48. Rb2 Kd4 49. Rb7 Ra8 50. Be2 Kc3 51. a7 Kd4 1-0

[Event "VI Festival A"]
[Site "Savigliano ITA"]
[Date "2007.06.03"]
[Round "6"]
[White "Medaglia, Enzo"]
[Black "Abbura', Davide"]
[Result "1/2-1/2"]
[WhiteElo "1840"]
[BlackElo "1683"]
[PlyCount "59"]
[EventDate "2007.05.31"]

1. e4 e6 2. Nc3 d5 3. d3 Nf6 4. Bg5 Be7 5. Qd2 c5 6. exd5 exd5 7. Nf3 Nc6 8.
Be2 O-O 9. O-O Bg4 10. Rad1 d4 11. Bxf6 Bxf6 12. Ne4 b6 13. Qf4 Bh5 14. g4 Bg6
15. a3 Bxe4 16. dxe4 Qb8 17. Qd2 Re8 18. Bd3 Ne5 19. Nxe5 Bxe5 20. f4 Bc7 21.
Rf3 Qc8 22. Qg2 Re6 23. e5 Qd8 24. Kh1 h6 25. Rg1 Qd5 26. b3 Qd8 27. Rg3 Re7
28. g5 h5 29. g6 f6 30. exf6 1/2-1/2

[Event "VI Festival A"]
[Site "Savigliano ITA"]
[Date "2007.06.03"]
[Round "6"]
[White "Mennuti, Alberto"]
[Black "Biancotti, Alessandro"]
[Result "0-1"]
[WhiteElo "1710"]
[BlackElo "1856"]
[PlyCount "100"]
[EventDate "2007.05.31"]

1. d4 c5 2. d5 d6 3. c4 Nf6 4. Nc3 g6 5. Nf3 Bg7 6. e4 O-O 7. Be2 e6 8. O-O
exd5 9. exd5 Re8 10. Qc2 Bf5 11. Bd3 Bg4 12. Ng5 Na6 13. a3 Nc7 14. h3 Bc8 15.
Nge4 Nxe4 16. Nxe4 Be5 17. Be3 b5 18. Rab1 bxc4 19. Bxc4 Bf5 20. f3 Qh4 21. Qf2
Qxf2+ 22. Bxf2 Rab8 23. b3 Nb5 24. Bxb5 Rxb5 25. Rfe1 Reb8 26. b4 a5 27. g4
Bxe4 28. Rxe4 axb4 29. f4 Bc3 30. axb4 Rxb4 31. Rbxb4 Rxb4 32. Re8+ Kg7 33. Bg3
Rd4 34. f5 Rxd5 35. fxg6 hxg6 36. Rd8 Rd1+ 37. Kf2 Bf6 38. Rc8 d5 39. h4 c4 40.
g5 Bd4+ 41. Ke2 Rd3 42. Bf2 Bxf2 43. Kxf2 c3 44. Ke2 Rh3 45. Rc7 d4 46. Kf2
Rxh4 47. Rc4 Rh2+ 48. Kf3 Rd2 49. Ke4 c2 50. Rxc2 Rxc2 0-1

[Event "VI Festival A"]
[Site "Savigliano ITA"]
[Date "2007.06.03"]
[Round "6"]
[White "Ortega, Lexy"]
[Black "Barletta, Mauro"]
[Result "1-0"]
[WhiteElo "2425"]
[BlackElo "2253"]
[PlyCount "69"]
[EventDate "2007.05.31"]

1. d4 d5 2. Bf4 Nf6 3. e3 e6 4. Nf3 c5 5. c3 Nbd7 6. Nbd2 Be7 7. Bd3 a6 8. Ne5
Nxe5 9. dxe5 Nd7 10. h4 Qc7 11. Qg4 Bf8 12. Nf3 b6 13. O-O Bb7 14. Ng5 c4 15.
Bc2 Nc5 16. Nxh7 O-O-O 17. Ng5 Kb8 18. b4 cxb3 19. axb3 Qe7 20. b4 Nd7 21. e4
dxe4 22. Bxe4 Bxe4 23. Nxe4 Qxh4 24. Qxh4 Rxh4 25. g3 Rh5 26. Rxa6 Be7 27. Rfa1
g5 28. Nxg5 Kc8 29. Nxf7 Rf8 30. Ra8+ Nb8 31. Nd6+ Bxd6 32. exd6 Kd7 33. R1a7+
Kc6 34. Rc7+ Kb5 35. Bd2 1-0

[Event "VI Festival A"]
[Site "Savigliano ITA"]
[Date "2007.06.03"]
[Round "6"]
[White "Peric, Slavisa"]
[Black "Blengino, Luca"]
[Result "1-0"]
[WhiteElo "2289"]
[BlackElo "1854"]
[PlyCount "55"]
[EventDate "2007.05.31"]

1. d4 Nf6 2. Nf3 g6 3. Nc3 Bg7 4. e4 d6 5. Be2 O-O 6. O-O e5 7. Be3 Ng4 8. Bg5
f6 9. Bc1 f5 10. Bg5 Qe8 11. h3 exd4 12. Nxd4 Ne5 13. Nd5 Rf7 14. exf5 gxf5 15.
Bh5 Ng6 16. Re1 Qa4 17. c3 Qxd1 18. Raxd1 Kf8 19. Bxg6 hxg6 20. Ne7 Na6 21.
Nxg6+ Kg8 22. Re8+ Bf8 23. Ne7+ Rxe7 24. Bxe7 Kf7 25. Rxf8+ Kxe7 26. Rh8 Rb8
27. Re1+ Kf7 28. Ree8 1-0

[Event "VI Festival A"]
[Site "Savigliano ITA"]
[Date "2007.06.03"]
[Round "6"]
[White "Pulito, Alberto"]
[Black "Saccona, Silvano"]
[Result "1/2-1/2"]
[WhiteElo "2277"]
[BlackElo "2159"]
[PlyCount "25"]
[EventDate "2007.05.31"]

1. e4 c6 2. d4 d5 3. Nc3 dxe4 4. Nxe4 Nf6 5. Nxf6+ exf6 6. Nf3 Bd6 7. Bd3 O-O
8. O-O Re8 9. h3 Nd7 10. c3 Nf8 11. Bd2 Be6 12. Re1 Rc8 13. Qc2 1/2-1/2

[Event "VI Festival A"]
[Site "Savigliano ITA"]
[Date "2007.06.03"]
[Round "6"]
[White "Rossi, Vittorio"]
[Black "Martin, Tiziano"]
[Result "1/2-1/2"]
[WhiteElo "2213"]
[BlackElo "2008"]
[PlyCount "81"]
[EventDate "2007.05.31"]

1. e4 e6 2. d4 d5 3. e5 c5 4. Qg4 cxd4 5. Bd3 Nc6 6. Nf3 f5 7. Qg3 Qc7 8. O-O
g6 9. Nbd2 Nh6 10. Nb3 Nf7 11. Re1 Be7 12. Nbxd4 Nxd4 13. Nxd4 a6 14. h4 Bd7
15. Bd2 Qb6 16. Nb3 Bb5 17. Ba5 Qa7 18. Bxb5+ axb5 19. Bc3 Qa4 20. Nd4 Nd8 21.
h5 Kf7 22. b3 Qa6 23. Nf3 Qa3 24. Bd2 Rg8 25. Ng5+ Bxg5 26. Qxg5 Qe7 27. Qh6
Ke8 28. a3 Qg7 29. Qxg7 Rxg7 30. hxg6 hxg6 31. g3 Nc6 32. Bc3 Kf7 33. Kg2 Rh7
34. f4 Rah8 35. Rh1 Rxh1 36. Rxh1 Rxh1 37. Kxh1 g5 38. Kg2 g4 39. Kf2 Ke7 40.
Ke3 Kd7 41. Kd3 1/2-1/2

[Event "VI Festival A"]
[Site "Savigliano ITA"]
[Date "2007.06.03"]
[Round "6"]
[White "Viglino, Antonio"]
[Black "Araniti, Michelangelo"]
[Result "1-0"]
[WhiteElo "1847"]
[BlackElo "1869"]
[PlyCount "49"]
[EventDate "2007.05.31"]

1. Nf3 Nf6 2. c4 e6 3. g3 d5 4. d4 Be7 5. Bg2 O-O 6. O-O Nbd7 7. Qc2 c5 8. cxd5
exd5 9. Nc3 c4 10. Bg5 h6 11. Bf4 g5 12. Be5 a6 13. Nd2 Nb6 14. f4 g4 15. Rad1
Bb4 16. f5 Bxc3 17. bxc3 Bd7 18. Rde1 Bc6 19. Rf4 Kh7 20. Bxf6 Qxf6 21. Rxg4
Rg8 22. Rh4 Rae8 23. Nf3 Qg7 24. Ne5 Nd7 25. f6+ 1-0

[Event "VII C.to Europeo seniores"]
[Site "Hockenheim GER"]
[Date "2007.06.10"]
[Round "9"]
[White "Rosino, Antonio"]
[Black "Amrehn, Fred"]
[Result "1-0"]
[WhiteElo "2275"]
[BlackElo "2185"]
[PlyCount "67"]
[EventDate "2007.06.02"]

1. e4 Nc6 2. Nf3 d6 3. d4 Bg4 4. d5 Ne5 5. Nxe5 Bxd1 6. Bb5+ c6 7. dxc6 a6 8.
c7+ axb5 9. cxd8=Q+ Rxd8 10. Nxf7 Kxf7 11. Kxd1 Nf6 12. f3 d5 13. e5 Nd7 14.
Re1 e6 15. Nc3 Bb4 16. Bd2 Bxc3 17. Bxc3 Ra8 18. Kd2 Nb8 19. Bb4 Nc6 20. Bd6
Rhc8 21. Re3 Na5 22. b3 b6 23. Rc3 Nb7 24. Rc7+ Rxc7 25. Bxc7 Ra6 26. Kc3 Ke8
27. Kb4 Kd7 28. Kxb5 Kxc7 29. Kxa6 Nd8 30. c4 Nc6 31. cxd5 Nb4+ 32. Kb5 Nxd5
33. Rc1+ Kb7 34. Rc6 1-0

[Event "Memorial Aldo Basile A"]
[Site "Napoli ITA"]
[Date "2007.06.07"]
[Round "1"]
[White "Benedetto, Massimo"]
[Black "Accardo, Francesco"]
[Result "1-0"]
[WhiteElo "2033"]
[BlackElo "1851"]
[PlyCount "77"]
[EventDate "2007.06.07"]

1. d4 a6 2. e4 e6 3. Nc3 b5 4. a3 Bb7 5. Be2 Be7 6. Be3 d6 7. Qd2 Nd7 8. Rd1 g5
9. Bf3 h5 10. e5 d5 11. g4 hxg4 12. Bxg4 Nh6 13. Bh3 c5 14. Nge2 Nxe5 15. dxe5
d4 16. Rg1 dxe3 17. Qxe3 Qc7 18. Ng3 b4 19. Nce2 Bd5 20. f4 Qa5 21. Kf1 O-O-O
22. fxg5 Ng8 23. Bg2 c4 24. Ne4 Rxh2 25. Qg3 Rxg2 26. Qxg2 Kc7 27. Re1 Bc6 28.
Qg4 Qxe5 29. Qf4 Qxf4+ 30. Nxf4 Rd4 31. g6 Bxe4 32. gxf7 Bd3+ 33. Nxd3 Nf6 34.
Rxe6 Kd7 35. Rxf6 cxd3 36. cxd3 bxa3 37. bxa3 Bf8 38. Ke2 Ke7 39. Rxa6 1-0

[Event "Memorial Aldo Basile A"]
[Site "Napoli ITA"]
[Date "2007.06.07"]
[Round "1"]
[White "Capozzoli, Silvio"]
[Black "Supino, Domenico"]
[Result "0-1"]
[WhiteElo "1870"]
[BlackElo "2038"]
[PlyCount "55"]
[EventDate "2007.06.07"]

1. e4 c5 2. c4 Nc6 3. Nc3 g6 4. g3 Bg7 5. Bg2 Nf6 6. d3 d6 7. Nge2 a6 8. O-O
Rb8 9. f4 Bg4 10. h3 Bd7 11. a4 Qc7 12. Rb1 e6 13. Be3 O-O 14. d4 cxd4 15. Nxd4
Nxd4 16. Bxd4 Qxc4 17. Rc1 Qb4 18. e5 Nh5 19. Ne4 d5 20. Bc5 Qxa4 21. Bxf8 Rxf8
22. Qxa4 Bxa4 23. Nc3 Bc6 24. Ne2 Bb5 25. Rf2 Bxe2 26. Rxe2 Nxg3 27. Rec2 Bh6
28. Rc7 0-1

[Event "Memorial Aldo Basile A"]
[Site "Napoli ITA"]
[Date "2007.06.07"]
[Round "1"]
[White "Esposito, Rosario"]
[Black "Di Giulio, Massimo"]
[Result "0-1"]
[WhiteElo "1811"]
[BlackElo "2007"]
[PlyCount "118"]
[EventDate "2007.06.07"]

1. d4 Nf6 2. c4 g6 3. Nc3 Bg7 4. e4 d6 5. f3 O-O 6. Be3 e5 7. d5 Nh5 8. Qd2 f5
9. Bd3 f4 10. Bf2 Bf6 11. O-O-O Bh4 12. Kb1 Nd7 13. Qe1 Bxf2 14. Qxf2 a5 15.
Na4 b6 16. Ne2 Nb8 17. Nec3 Bd7 18. Nb5 Na6 19. Bc2 Bxb5 20. cxb5 Nc5 21. Nxc5
bxc5 22. a4 Qg5 23. Qd2 Qh4 24. Qe1 Qxe1 25. Rhxe1 Rf7 26. Rd3 g5 27. Rb3 Rb8
28. Bd1 Rg7 29. Kc2 Nf6 30. g3 h5 31. g4 hxg4 32. fxg4 Rh7 33. h3 Nd7 34. Rf3
Kg7 35. Be2 Nf8 36. Bf1 Ng6 37. Rb3 Kf7 38. Kc3 Ke8 39. Kc4 Kd7 40. Kc3 Kc8 41.
Kd2 Kb7 42. Kc2 Nf8 43. Rc3 Nd7 44. b3 Kb6 45. Rd3 Nf8 46. Rd2 Ng6 47. Rd3 Nh4
48. Re2 Rf8 49. Rf2 Rhf7 50. Rdf3 Rh8 51. Kd3 Ng6 52. Kc4 Nf8 53. Kd3 Nd7 54.
Kc4 Re7 55. Kc3 Nf6 56. Kd3 Nxd5 57. exd5 e4+ 58. Kc3 exf3 59. Rxf3 Rhe8 0-1

[Event "Memorial Aldo Basile A"]
[Site "Napoli ITA"]
[Date "2007.06.07"]
[Round "1"]
[White "Gallo, Thomas Renato"]
[Black "Della Ragione, Achille"]
[Result "1/2-1/2"]
[WhiteElo "1840"]
[BlackElo "2022"]
[PlyCount "89"]
[EventDate "2007.06.07"]

1. d4 d5 2. Nf3 Bf5 3. e3 e6 4. Be2 Nf6 5. O-O h6 6. c4 c6 7. Nc3 Bd6 8. Nd2
Qc7 9. h3 Nbd7 10. c5 Be7 11. b4 e5 12. Qb3 b6 13. a4 a5 14. cxb6 Qxb6 15. b5
exd4 16. bxc6 Qxb3 17. cxd7+ Bxd7 18. Nxb3 dxc3 19. Ba3 Bb4 20. Nc5 O-O 21.
Nxd7 Nxd7 22. Bd3 Rfd8 23. Rfd1 Ne5 24. Bc2 Nc4 25. Bxb4 axb4 26. Rd4 Kf8 27.
Bb3 Rac8 28. a5 Rc5 29. a6 Nd2 30. Rxb4 Nxb3 31. Rxb3 c2 32. Rc1 Ra8 33. Rb6
Ke7 34. Kf1 Kd7 35. Ke2 Ra7 36. Kd3 Kc7 37. Rb2 Rxa6 38. Rbxc2 Rxc2 39. Rxc2+
Kd6 40. f4 h5 41. Kd4 g6 42. g4 hxg4 43. hxg4 Ra4+ 44. Kd3 g5 45. Rf2 {...}
1/2-1/2

[Event "Memorial Aldo Basile A"]
[Site "Napoli ITA"]
[Date "2007.06.07"]
[Round "1"]
[White "Nardiello, Luigi"]
[Black "Ricci, Giuseppe"]
[Result "1-0"]
[WhiteElo "1701"]
[BlackElo "1971"]
[PlyCount "95"]
[EventDate "2007.06.07"]

1. e4 c5 2. Nf3 d6 3. d4 cxd4 4. Nxd4 Nf6 5. Nc3 a6 6. Be3 e5 7. Nb3 Be6 8. f3
Be7 9. Qd2 O-O 10. O-O-O b5 11. g4 Nc6 12. Nd5 Bxd5 13. exd5 Nb8 14. h4 a5 15.
Kb1 a4 16. Nc1 Ra5 17. Qf2 Nbd7 18. Nd3 a3 19. b3 Qc7 20. Bd2 Raa8 21. Bg5 Rfe8
22. Qd2 Nc5 23. Nxc5 Qxc5 24. Be3 Qc7 25. Bxb5 Rec8 26. Bc4 Qb7 27. Bd3 Nd7 28.
g5 Nc5 29. Bf5 Rc7 30. Bxc5 Rxc5 31. Be4 Ra4 32. Ka1 Rd4 33. Qc1 Qb4 34. Rxd4
Qc3+ 35. Kb1 exd4 36. Rd1 Qb4 37. Qd2 Qb5 38. Qxd4 f6 39. f4 fxg5 40. hxg5 h6
41. gxh6 Bf6 42. h7+ Kh8 43. Qa4 Qxa4 44. bxa4 Rc4 45. Re1 Rb4+ 46. Kc1 Bb2+
47. Kd2 Rd4+ 48. Bd3 1-0

[Event "Memorial Aldo Basile A"]
[Site "Napoli ITA"]
[Date "2007.06.07"]
[Round "1"]
[White "Pinto, Gaetano"]
[Black "Improta, Giovanni"]
[Result "0-1"]
[WhiteElo "2062"]
[BlackElo "1917"]
[PlyCount "76"]
[EventDate "2007.06.07"]

1. d4 Nf6 2. Nf3 e6 3. Bf4 c5 4. e3 Qb6 5. Nc3 a6 6. Na4 Qa5+ 7. c3 cxd4 8.
exd4 d6 9. b4 Qd8 10. Bd3 b5 11. Nb2 Nd5 12. Bd2 h5 13. a4 bxa4 14. Nxa4 Bb7
15. c4 Nf6 16. Nc3 Nbd7 17. Qe2 h4 18. h3 Be7 19. c5 dxc5 20. bxc5 Qc8 21. Bf4
Nb6 22. Ne4 Nxe4 23. Bxe4 Nd5 24. Bd2 Bc6 25. Ne5 Bb5 26. Qf3 O-O 27. Bxd5 exd5
28. Qxd5 Bf6 29. Be3 Qf5 30. O-O-O Rab8 31. Qa2 Bxe5 32. dxe5 Bd3 33. Kd2 Rfd8
34. Ke1 Qxe5 35. Qa3 Bb5 36. Qa1 Qe4 37. Rd4 Rxd4 38. Qxd4 Qxg2 0-1

[Event "Memorial Aldo Basile A"]
[Site "Napoli ITA"]
[Date "2007.06.07"]
[Round "1"]
[White "Schiappoli, Dario"]
[Black "Della Corte, Alessandro"]
[Result "0-1"]
[WhiteElo "1923"]
[BlackElo "2250"]
[PlyCount "108"]
[EventDate "2007.06.07"]

1. e4 b6 2. d4 Bb7 3. Bd3 e6 4. Be3 Nf6 5. Nd2 Be7 6. f4 c5 7. c3 O-O 8. Qf3
Nc6 9. Ne2 cxd4 10. Nxd4 a6 11. Qh3 g6 12. g4 d5 13. e5 Ne4 14. O-O-O Qc7 15.
Nxe4 dxe4 16. Bxe4 Nxd4 17. Rxd4 Bxe4 18. Rxe4 Qc6 19. Qg2 Rfd8 20. Rg1 Rd3 21.
Bd4 Rc8 22. Qe2 Rh3 23. Re3 Rxe3 24. Qxe3 b5 25. f5 b4 26. f6 Bf8 27. h4 bxc3
28. Bxc3 Qd5 29. h5 Qxa2 30. hxg6 hxg6 31. Qd4 Bc5 32. Qd7 Be3+ 33. Kc2 Qc4 34.
Rd1 Rb8 35. Rd3 Bh6 36. Qa7 Rxb2+ 37. Kxb2 Qxd3 38. Qa8+ Bf8 39. Qb7 Qe2+ 40.
Kb3 Qd1+ 41. Kb2 Qa4 42. g5 Ba3+ 43. Kb1 Qb5+ 44. Qxb5 axb5 45. Ka2 Bc1 46. Kb3
Bxg5 47. Kb4 Bf4 48. Kxb5 g5 49. Kc4 Kh7 50. Kd4 Kg6 51. Ke4 Kh5 52. Be1 Kg4
53. Bf2 Kh3 54. Bd4 Bc1 0-1

[Event "Memorial Aldo Basile A"]
[Site "Napoli ITA"]
[Date "2007.06.07"]
[Round "1"]
[White "Sorrentino, Michele"]
[Black "Lombardo, Michele"]
[Result "1/2-1/2"]
[WhiteElo "2017"]
[BlackElo "1827"]
[PlyCount "122"]
[EventDate "2007.06.07"]

1. Nf3 Nf6 2. g3 g6 3. Bg2 Bg7 4. d4 d6 5. O-O O-O 6. c3 Nbd7 7. Nbd2 Re8 8.
Qb3 e5 9. Ng5 Rf8 10. dxe5 Nxe5 11. Qc2 h6 12. Ngf3 Nxf3+ 13. Nxf3 d5 14. Bf4
c6 15. Rad1 Nh5 16. Be5 Bxe5 17. Nxe5 Qd6 18. Nf3 Qc7 19. c4 dxc4 20. Qxc4 Be6
21. Qc3 Ng7 22. e4 Qb6 23. b3 c5 24. Qe3 Kh7 25. Ne5 Rad8 26. Rc1 Qa6 27. Qxc5
Qxa2 28. Ra1 Qb2 29. Nf3 b6 30. Qe7 a5 31. Rab1 Qc3 32. Rfc1 Qd3 33. Qh4 Qb5
34. g4 Rc8 35. Rxc8 Rxc8 36. Bf1 Qd7 37. Ng5+ Kg8 38. Qxh6 Qd4 39. Qh7+ Kf8 40.
Nxe6+ Nxe6 41. Qh6+ Kg8 42. Bg2 Rc2 43. Rf1 b5 44. Qh3 Nf4 45. Qg3 Nxg2 46.
Qxg2 Re2 47. h3 Rxe4 48. Rc1 a4 49. bxa4 bxa4 50. Qg3 Re8 51. Qa3 Qd2 52. Rf1
Qc2 53. Ra1 Ra8 54. Qf3 Rc8 55. Kg2 Rc4 56. Re1 Rc8 57. h4 Qc3 58. Re8+ Kg7 59.
Re3 Qc6 60. Ra3 Qxf3+ 61. Kxf3 Ra8 1/2-1/2

[Event "Memorial Aldo Basile A"]
[Site "Napoli ITA"]
[Date "2007.06.07"]
[Round "1"]
[White "Vannini, Aldo"]
[Black "Esposito, Pino"]
[Result "1/2-1/2"]
[WhiteElo "1983"]
[BlackElo "1789"]
[PlyCount "78"]
[EventDate "2007.06.07"]

1. d4 g6 2. c4 Bg7 3. Nc3 d6 4. e4 Nd7 5. Nf3 e5 6. Be2 exd4 7. Nxd4 Ngf6 8.
Bg5 h6 9. Be3 O-O 10. O-O Re8 11. Qc2 Nc5 12. f3 Bd7 13. Bf2 a6 14. b4 Ne6 15.
Nxe6 Bxe6 16. Rad1 Qb8 17. Nd5 Nd7 18. Nf4 a5 19. Nxe6 Rxe6 20. c5 axb4 21.
cxd6 cxd6 22. Bc4 Re7 23. Bd4 Ne5 24. Bb3 Qc7 25. Qb2 g5 26. Rc1 Qd8 27. Qd2
Qa5 28. Rfd1 Kf8 29. Bf2 Rd8 30. Qc2 Nc6 31. Rd5 Qc7 32. Rcd1 Be5 33. Qd2 Kg7
34. h4 Kg6 35. Qe1 Qc8 36. Bg3 Rg8 37. Bxe5 dxe5 38. hxg5 hxg5 39. Qg3 39...
Rh8 {...} 1/2-1/2

[Event "Memorial Aldo Basile A"]
[Site "Napoli ITA"]
[Date "2007.06.14"]
[Round "2"]
[White "Accardo, Francesco"]
[Black "Schiappoli, Dario"]
[Result "1-0"]
[WhiteElo "1851"]
[BlackElo "1923"]
[PlyCount "45"]
[EventDate "2007.06.07"]

1. b4 d5 2. b5 Bf5 3. Nf3 c5 4. c4 e6 5. a4 Nd7 6. g3 Qf6 7. Nc3 d4 8. Nb1 Be7
9. d3 Qg6 10. Bg2 h5 11. h4 Rb8 12. a5 e5 13. b6 a6 14. Ng5 Bxg5 15. Bxg5 f6
16. Bd2 e4 17. Bf4 Ne5 18. O-O Ne7 19. Nd2 exd3 20. exd3 O-O 21. Ne4 Bxe4 22.
Bxe4 Qe8 23. Re1 1-0

[Event "Memorial Aldo Basile A"]
[Site "Napoli ITA"]
[Date "2007.06.14"]
[Round "2"]
[White "Della Corte, Alessandro"]
[Black "Nardiello, Luigi"]
[Result "1-0"]
[WhiteElo "2250"]
[BlackElo "1701"]
[PlyCount "73"]
[EventDate "2007.06.07"]

1. e4 c5 2. Nf3 Nc6 3. Nc3 e6 4. d4 cxd4 5. Nxd4 a6 6. Nxc6 bxc6 7. Bd3 d5 8.
O-O Nf6 9. Re1 d4 10. Nb1 e5 11. Nd2 Bd6 12. Nc4 O-O 13. Bd2 Bc7 14. Qe2 Bg4
15. f3 Bh5 16. Bg5 h6 17. Bh4 g5 18. Bg3 Qe7 19. Qd2 Nd7 20. c3 c5 21. Rac1 Nb6
22. cxd4 cxd4 23. Nxb6 Bxb6 24. Rc6 Rab8 25. Rxh6 Bg6 26. h4 Kg7 27. hxg5 Rfe8
28. Rc1 Ba5 29. Qxa5 Qxg5 30. Rxg6+ Kxg6 31. Rc6+ Kh7 32. Qc7 Qxg3 33. Qxf7+
Qg7 34. Qh5+ Kg8 35. Bc4+ Kf8 36. Qf5+ Ke7 37. Rc7+ 1-0